000 00326nam a22001337a 4500
003 SGT
020 _a978-0-500-51381-1
082 _a677
_bT07C
100 _aCLCHESTER, CHLOR
245 _aTEXTILES TODAY A GLOBAL SURVEY OF TREND AND TRADITIONS
260 _aLONDON
_bTHAMES & HUDON
_c2007
300 _a208
942 _2ddc
_cBK
999 _c17211
_d17211